| 000 | 01489nam a2200289 i 4500 | ||
|---|---|---|---|
| 001 | 000016434 | ||
| 003 | DO-SdBNP | ||
| 005 | 20250128145140.0 | ||
| 007 | ta | ||
| 008 | 100305s1976 dr c r 000 0 spa d | ||
| 040 |
_aDO-SdBNP _bspa _cBNPHU _erda |
||
| 082 | 4 |
_a372.97293 _bS471c _222 |
|
| 111 | 2 |
_aSeminario sobre la reforma de la educación primaria _d(24, 25 y 26 de octubre de 1976 : _cJarabacoa) _936632 |
|
| 245 | 1 | 0 | _aConclusiones y recomendaciones del seminario sobre la reforma de la educación primaria / |
| 264 | 1 |
_aSanto Domingo : _bEditora SEEBAC, _c1975. |
|
| 300 |
_a148 páginas : _bretratos ; _c23 cm. |
||
| 336 |
_atexto _btxt _2rdacontent |
||
| 337 |
_asin mediación _bn _2rdamedia |
||
| 338 |
_avolumen _bnc _2rdacarrier |
||
| 500 | _aInforme final correspondiente al seminario celebrado los días 24, 25 y 26 de octubre de 1975 en el hotel Pinar Dorado de Jarabacoa para estudiar y analizar el informe preparado en febrero del presente año, por técnico de UNESCO y la Secretaría de Estado de Educación, Bellas Artes y Cultos, sobre la reforma de la educación primaria dominicana. | ||
| 590 | _aInventariado, 2018/BT | ||
| 650 | 4 |
_aEducación primaria _zRepública Dominicana _xCongresos, conferencias, etc. _936633 |
|
| 700 | 1 |
_aMatos Berrido, Leonardo _924949 _epresentación |
|
| 710 | 1 |
_aRepública Dominicana. _bSecretaría de Estado de Educación, Bellas Artes y Cultos _923965 |
|
| 910 | _aBTavarez/ Validado. Control de calidad. MFF | ||
| 942 |
_2ddc _cLBS1 |
||
| 999 |
_c15969 _d15969 |
||